| 000 | 00618nam a22001937a 4500 | ||
|---|---|---|---|
| 005 | 20180119114139.0 | ||
| 010 | _aENG-122126 | ||
| 020 |
_a9789339221072 _c1075.00 |
||
| 035 | _aEN-105658 | ||
| 037 | _bDBAD/PUB | ||
| 082 | _a624.2 | ||
| 100 | _aPonnuswamy, S | ||
| 245 |
_aBridge Engineering / _cby S ponnuswamy |
||
| 260 |
_aChennai _bMc Graw Hill Education (India) _cc2017 |
||
| 270 |
_a444/1,Sri Ekambara Naicker Industrial Estate,Alapakkam,Porur,Tamil Nadu,India. _bChennai _e600116 |
||
| 300 |
_axxxi, 889p. _c26cm(Hb) _bill. |
||
| 500 | _aincludes index | ||
| 942 |
_2ddc _cEN _h624.2 _mPONB |
||
| 999 |
_c149328 _d149328 |
||